| 000 | 01103cam a22002654a 4500 | ||
|---|---|---|---|
| 001 | 14445074 | ||
| 003 | OSt | ||
| 005 | 20230915135436.0 | ||
| 008 | 060710s2007 ilua 000 0 eng | ||
| 010 | _a 2006022695 | ||
| 020 | _a9780736063623 (pbk.) | ||
| 020 | _a0736063625 (pbk.) | ||
| 040 |
_aDLC _cDLC _dDLC |
||
| 050 | 0 | 0 |
_aGV443 _b.C376 2007 |
| 082 | 0 | 0 |
_a372.86 _bCAR/P |
| 100 | 1 |
_aCarpenter, Jeff _99481 |
|
| 245 | 1 | 0 |
_aPhysical education self-management for healthy, active lifestyles / _cJeff Carpenter. |
| 260 |
_aChampaign, Ill. : _bHuman Kinetics, _cc2007. |
||
| 300 |
_axix, 251 p. : _bill. ; _c23 cm. + _e1 CD-ROM (4 3/4 in.) |
||
| 650 | 0 | _aPhysical education for children. | |
| 856 | 4 | 1 |
_3Table of contents only _uhttp://www.loc.gov/catdir/toc/ecip0617/2006022695.html |
| 906 |
_a7 _bcbc _corignew _d1 _eecip _f20 _gy-gencatlg |
||
| 942 |
_2ddc _cBK _h372.86 _iCAR/P _k372.86 _mCAR/P |
||
| 999 |
_c42485 _d42485 |
||